Normal view MARC view

Entry Topical Term

Number of records used in: 1

001 - CONTROL NUMBER

  • control field: 55665

003 - CONTROL NUMBER IDENTIFIER

  • control field: OSt

005 - DATE AND TIME OF LATEST TRANSACTION

  • control field: 20250724122810.0

008 - FIXED-LENGTH DATA ELEMENTS

  • fixed length control field: 250724|| aca||aabn | a|a d

040 ## - CATALOGING SOURCE

  • Original cataloging agency: OSt
  • Transcribing agency: OSt

150 ## - HEADING--TOPICAL TERM

  • Topical term or geographic name entry element: Craft, Craft-orientation, Degrowth, Postgrowth, Sustainability.

670 ## - SOURCE DATA FOUND

  • Source citation: Work cat.: (OSt): Rennstam, Jens and Paulsson, Alexander 55664, Craft-orientation as a mode of organizing for postgrowth society

Powered by Koha